Loading...
| Fine Arts - Classical Music | 4 | 15.00 | 100% | 50% | 0% |
| Fine Arts - Other | 4 | 10.00 | 100% | 0% | 0% |
| Fine Arts - Painting and Sculpture | 1 | 10.00 | 100% | 0% | 0% |
| Geography | 2 | 20.00 | 100% | 50% | 50% |
| History - American | 4 | 20.00 | 100% | 75% | 25% |
| History - European | 7 | 14.29 | 86% | 43% | 14% |
| History - Other | 5 | 12.00 | 80% | 40% | 0% |
| History - World | 3 | 10.00 | 67% | 33% | 0% |
| Literature - American | 8 | 21.25 | 100% | 88% | 25% |
| Literature - British | 4 | 15.00 | 100% | 50% | 0% |
| Literature - European | 5 | 22.00 | 100% | 100% | 20% |
| Literature - World | 5 | 14.00 | 100% | 40% | 0% |
| Mythology | 6 | 10.00 | 67% | 17% | 17% |
| Other Academic | 1 | 0.00 | 0% | 0% | 0% |
| Philosophy | 4 | 17.50 | 100% | 50% | 25% |
| Pop Culture | 3 | 20.00 | 100% | 100% | 0% |
| Religion | 9 | 11.11 | 89% | 11% | 11% |
| Science - Biology | 6 | 13.33 | 100% | 33% | 0% |
| Science - Chemistry | 6 | 13.33 | 100% | 33% | 0% |
| Science - Other | 2 | 10.00 | 100% | 0% | 0% |
| Science - Physics | 5 | 10.00 | 100% | 0% | 0% |
| Social Science | 7 | 12.86 | 100% | 29% | 0% |